[Event "Mistrzostwa Woj. Podkarpackiego w szacha"]
[Site "Pstragowa"]
[Date "2015.??.??"]
[Round "2.1"]
[White "Swiech, Joanna"]
[Black "Branowski, Mieczyslaw Wiliam"]
[Result "1-0"]
[WhiteElo "1729"]
[BlackElo "2159"]
[PlyCount "85"]
[EventDate "2015.??.??"]

1. c4 e6 2. g3 f5 3. Bg2 Nf6 4. Nc3 Bb4 5. Nf3 O-O 6. O-O Bxc3 7. bxc3 d6 8. d4
Qe8 9. Ba3 Nc6 10. e3 Rb8 11. Rb1 Na5 12. Nd2 b6 13. Bb4 Nb7 14. Re1 c5 15. Ba3
Na5 16. dxc5 Bd7 17. cxb6 Rxb6 18. Rxb6 axb6 19. Bxd6 Rf7 20. Bb4 Ba4 21. Qb1
Bc6 22. Bxa5 Bxg2 23. Kxg2 Qa8+ 24. Kg1 Qxa5 25. Qb3 Nd7 26. Rb1 e5 27. Nf3 h6
28. Rd1 e4 29. c5 Kf8 30. c6 Nf6 31. Rd8+ Ke7 32. Qd1 Qc5 33. Nh4 g5 34. Nxf5+
Ke6 35. Nd4+ Ke7 36. Qb3 Rg7 37. Rb8 Nd5 38. Nf5+ Kf6 39. Nxg7 Kxg7 40. Rd8 Nf6
41. Qe6 Qxc3 42. Qe7+ Kg6 43. Rd6 1-0

[Event "Mistrzostwa Woj. Podkarpackiego w szacha"]
[Site "Pstragowa"]
[Date "2015.??.??"]
[Round "2.2"]
[White "Pulik, Krzysztof"]
[Black "Czopor, Maciej"]
[Result "1-0"]
[WhiteElo "2117"]
[BlackElo "1714"]
[PlyCount "163"]
[EventDate "2015.??.??"]

1. e4 e5 2. Bc4 Nf6 3. d3 Nc6 4. Nc3 Bb4 5. Bd2 O-O 6. Nge2 d6 7. a3 Ba5 8. O-O
Be6 9. Bg5 h6 10. Bxf6 Qxf6 11. Nd5 Bxd5 12. Bxd5 Ne7 13. Bb3 g5 14. d4 Ng6 15.
c3 Bb6 16. Qd3 Nf4 17. Nxf4 gxf4 18. Rad1 Rae8 19. Kh1 Qg6 20. Bc2 Kh8 21. Qf3
f6 22. g3 fxg3 23. hxg3 c6 24. Bb1 Kg7 25. Kg2 Re7 26. Rh1 Ree8 27. Rh4 Kf7 28.
b4 Ke7 29. a4 a5 30. bxa5 Bxa5 31. Qe3 Qg5 32. Qd3 Rg8 33. Kf1 Rd8 34. Ba2 Rg7
35. Qc4 Kf8 36. dxe5 dxe5 37. Rb1 Bc7 38. Qe6 Bb8 39. Qh3 Qd2 40. Qe6 Qg5 41.
Bc4 Ba7 42. Rxb7 Rxb7 43. Rg4 Qg7 44. Qg8+ Qxg8 45. Rxg8+ Ke7 46. Rg7+ Kd6 47.
Rxb7 Kc5 48. Be2 Bb6 49. Rh7 Ra8 50. Rxh6 Rxa4 51. Rxf6 Rxe4 52. Bf3 Rc4 53.
Rxc6+ Kb5 54. Re6 Rc5 55. Be2+ Ka5 56. c4 Bd8 57. Re8 Bg5 58. Rb8 Bf6 59. Kg2
e4 60. Rb5+ Rxb5 61. cxb5 Bg5 62. f4 exf3+ 63. Kxf3 Kb6 64. Ke4 Kc5 65. Kf5 Bd8
66. g4 Kd6 67. g5 Ke7 68. g6 Kf8 69. Ke6 Kg7 70. Bd3 Ba5 71. Kd7 Bb6 72. Kc6
Bd8 73. b6 Bxb6 74. Kxb6 Kf6 75. Kc6 Kg7 76. Kd6 Kf6 77. Bc2 Kg7 78. Ke7 Kg8
79. Kf6 Kh8 80. g7+ Kg8 81. Bb3+ Kh7 82. g8=Q+ 1-0

[Event "Mistrzostwa Woj. Podkarpackiego w szacha"]
[Site "Pstragowa"]
[Date "2015.??.??"]
[Round "2.3"]
[White "Mis, Mieszko"]
[Black "Nowakowski, Jacek"]
[Result "1-0"]
[WhiteElo "1819"]
[BlackElo "1677"]
[PlyCount "78"]
[EventDate "2015.??.??"]

1. e4 c5 2. Nf3 d6 3. d4 cxd4 4. Qxd4 Nc6 5. Bb5 Bd7 6. Bxc6 Bxc6 7. Nc3 e6 8.
Bg5 Nf6 9. O-O-O Be7 10. Qd3 Qa5 11. h4 h6 12. Bf4 d5 13. Nd4 Bb4 14. exd5 Bxd5
15. Qb5+ Qxb5 16. Ndxb5 O-O 17. Nc7 Rad8 18. N3xd5 exd5 19. f3 a6 20. Be5 Rd7
21. g4 Ba5 22. Bxf6 Bxc7 23. Bd4 Bf4+ 24. Kb1 Re8 25. Rhe1 Rde7 26. Rxe7 Rxe7
27. a3 Bg3 28. h5 Re1 29. Rxe1 Bxe1 30. c3 f6 31. f4 Kf7 32. f5 Bg3 33. Kc2 Be5
34. Kd3 Ke7 35. Bc5+ Bd6 36. Kd4 Kd7 37. Kxd5 Bxc5 38. Kxc5 Kc7 39. Kd5 Kd7 1-0

[Event "Mistrzostwa Woj. Podkarpackiego w szacha"]
[Site "Pstragowa"]
[Date "2015.??.??"]
[Round "2.4"]
[White "Czernikowska, Laura"]
[Black "Gaj, Szymon"]
[Result "0-1"]
[WhiteElo "1175"]
[BlackElo "1753"]
[PlyCount "38"]
[EventDate "2015.??.??"]

1. d4 d5 2. c4 e6 3. Nf3 c6 4. Nc3 f5 5. e3 Nf6 6. Be2 Bd6 7. c5 Bc7 8. a3 O-O
9. b4 Ne4 10. Bb2 Bd7 11. O-O g5 12. Re1 g4 13. Nd2 Bxh2+ 14. Kf1 Qh4 15. Ndxe4
fxe4 16. f3 Bg3 17. Bd3 gxf3 18. gxf3 Qh1+ 19. Ke2 Qg2# 0-1

[Event "Mistrzostwa Woj. Podkarpackiego w szacha"]
[Site "Pstragowa"]
[Date "2015.??.??"]
[Round "2.5"]
[White "Kadziela, Andrzej"]
[Black "Babiarz, Mariusz"]
[Result "0-1"]
[WhiteElo "1561"]
[BlackElo "1912"]
[PlyCount "98"]
[EventDate "2015.??.??"]

1. Nh3 c5 2. Na3 Nf6 3. f3 d5 4. Nf2 e5 5. c3 Nc6 6. Nc2 d4 7. d3 Be7 8. e4
dxe3 9. Nxe3 O-O 10. g4 Be6 11. b3 Nd5 12. Qc2 Qd7 13. Ng2 a6 14. h4 b5 15. Bb2
b4 16. c4 Nb6 17. Be2 Nd4 18. Qd2 a5 19. Ne3 a4 20. Bd1 a3 21. Bxd4 exd4 22.
Ng2 Bd6 23. Be2 Bg3 24. Rh3 Bxf2+ 25. Kxf2 f5 26. gxf5 Rxf5 27. Rg3 Raf8 28.
Rg1 Kh8 29. Ne1 R8f7 30. Rg5 Qe7 31. Ng2 Nd7 32. Rxf5 Rxf5 33. Rh1 Ne5 34. f4
Rf8 35. Re1 Qf6 36. Kg1 Ng6 37. h5 Nh4 38. Rf1 Bh3 39. Bf3 Nf5 40. Be4 Bxg2 41.
Bxg2 Ne3 42. Rf3 Qh4 43. Rxe3 dxe3 44. Qxe3 Qxh5 45. Bf3 Qf5 46. Bg2 h5 47. Bh3
Qg6+ 48. Kf2 Qd6 49. Kf3 g5 0-1

[Event "Mistrzostwa Woj. Podkarpackiego w szacha"]
[Site "Pstragowa"]
[Date "2015.??.??"]
[Round "2.6"]
[White "Babiarz, Arkadiusz"]
[Black "Wasik, Roman"]
[Result "0-1"]
[WhiteElo "1471"]
[BlackElo "1551"]
[PlyCount "68"]
[EventDate "2015.??.??"]

1. e4 d6 2. d4 g6 3. Nc3 Bg7 4. f4 Nf6 5. Nf3 O-O 6. Bd3 c5 7. dxc5 dxc5 8. Be3
Nbd7 9. e5 Ng4 10. Bg1 e6 11. h3 Nh6 12. Bf2 a6 13. Qe2 Qc7 14. O-O b5 15. Be4
Rb8 16. Bh4 Nb6 17. Rad1 b4 18. Nb1 f5 19. exf6 Bxf6 20. Bxf6 Rxf6 21. Ne5 Bb7
22. Nd2 Nd5 23. Bxd5 exd5 24. g4 Nf7 25. g5 Rf5 26. Ng4 Rxf4 27. Nf6+ Kh8 28.
Nf3 Rf5 29. Qg2 d4 30. Qg4 Bxf3 31. Qh4 Rxg5+ 32. Kf2 Qh2+ 33. Kxf3 Qg2+ 34.
Kf4 Rf5# 0-1

[Event "Mistrzostwa Woj. Podkarpackiego w szacha"]
[Site "Pstragowa"]
[Date "2015.??.??"]
[Round "2.7"]
[White "Kozubal, Aleksandra"]
[Black "Kozak, Antoni"]
[Result "1-0"]
[WhiteElo "1554"]
[BlackElo "1440"]
[PlyCount "59"]
[EventDate "2015.??.??"]

1. d4 Nf6 2. c4 e6 3. Nc3 Bb4 4. Qc2 d6 5. e4 Nbd7 6. Bd3 e5 7. Nge2 O-O 8. O-O
Bxc3 9. bxc3 b6 10. f4 Bb7 11. Ng3 c5 12. fxe5 dxe5 13. d5 Ne8 14. Nf5 Ndf6 15.
Qf2 Bc8 16. Qg3 Bxf5 17. Rxf5 Nd7 18. Bh6 Kh8 19. Bg5 f6 20. Bd2 Rg8 21. Rh5
Nf8 22. Be2 Nd6 23. Qd3 Qd7 24. Rf1 Re8 25. Rh4 Qa4 26. Bh5 Re7 27. Qf3 Qxc4
28. Bg6 Nf7 29. Qh5 h6 30. Bxf7 1-0

[Event "Mistrzostwa Woj. Podkarpackiego w szacha"]
[Site "Pstragowa"]
[Date "2015.??.??"]
[Round "2.8"]
[White "Dzwierzynski, Bartosz"]
[Black "Jurkiewicz, Zuzanna"]
[Result "0-1"]
[WhiteElo "1411"]
[BlackElo "1457"]
[PlyCount "128"]
[EventDate "2015.??.??"]

1. d4 d5 2. c4 e6 3. cxd5 exd5 4. Nf3 Bd6 5. Nc3 c6 6. e3 Bg4 7. Be2 Nd7 8. O-O
Ngf6 9. a3 O-O 10. b4 a6 11. Na4 Ne4 12. Nd2 Bf5 13. Nxe4 Bxe4 14. Bd3 f5 15.
f3 Qh4 16. f4 Nf6 17. Bxe4 fxe4 18. Qe1 Qh6 19. Nc5 Bxc5 20. bxc5 Nd7 21. Rb1
Rab8 22. Bd2 b5 23. cxb6 Nxb6 24. Bb4 Rfe8 25. Bc5 Nc4 26. Qc3 Qh5 27. Ba7 Rb5
28. a4 Rxb1 29. Rxb1 Qe2 30. Re1 Qa2 31. Ra1 Qe2 32. Re1 Qd3 33. Qc1 Ra8 34.
Bb6 Rb8 35. a5 Nxb6 36. axb6 Rxb6 37. Qc5 Qd2 38. Qc1 Qxc1 39. Rxc1 Kf7 40. Kf2
a5 41. Ra1 Rb2+ 42. Kg3 Re2 43. Rxa5 Rxe3+ 44. Kg4 Re2 45. Kg3 Rd2 46. Ra4 Kf6
47. h4 h5 48. Ra6 Rc2 49. Ra8 c5 50. Rc8 Rc3+ 51. Kf2 cxd4 52. Rf8+ Ke7 53. Rf5
Rc2+ 54. Ke1 Rc5 55. Rxh5 d3 56. g4 Rc1+ 57. Kd2 Rc2+ 58. Kd1 Kd6 59. Re5 Rf2
60. h5 Rxf4 61. Rg5 e3 62. Rf5 Rxf5 63. gxf5 Ke5 64. f6 Kxf6 0-1

[Event "Mistrzostwa Woj. Podkarpackiego w szacha"]
[Site "Pstragowa"]
[Date "2015.??.??"]
[Round "2.9"]
[White "Kucharski, Bartlomiej"]
[Black "Stefanski, Adam"]
[Result "1-0"]
[WhiteElo "1454"]
[BlackElo "1313"]
[PlyCount "112"]
[EventDate "2015.??.??"]

1. e4 c6 2. d4 d5 3. exd5 cxd5 4. c4 Bf5 5. Nc3 dxc4 6. Bxc4 e6 7. Nf3 Bd6 8.
Be3 Nf6 9. Rc1 Nc6 10. O-O Be4 11. Nxe4 Nxe4 12. Bb5 Qd7 13. Bxc6 bxc6 14. Qc2
f5 15. Qxc6 Qxc6 16. Rxc6 Kd7 17. Rfc1 Rhc8 18. Rxc8 Rxc8 19. Rxc8 Kxc8 20. Kf1
h6 21. h3 Kc7 22. Ke2 a6 23. Nd2 Nf6 24. Nc4 Be7 25. Bf4+ Kc6 26. Be5 g5 27.
Kd3 Nd5 28. a3 h5 29. Ne3 Nb6 30. Nc4 Nd5 31. Ne3 Nb6 32. f3 Na4 33. Nc4 Kd5
34. b3 Nc5+ 35. dxc5 Kxc5 36. Bc3 Bd8 37. Bd4+ Kc6 38. Ne5+ Kd5 39. Nc4 Kc6 40.
Nb2 Be7 41. b4 Kb5 42. Kc3 a5 43. a4+ Ka6 44. b5+ Kb7 45. Nc4 Bb4+ 46. Kb3 Kb8
47. Bc3 Bc5 48. Nxa5 Bb6 49. Nc6+ Kc7 50. Ba5 Bxa5 51. Nxa5 e5 52. Nc4 g4 53.
Nxe5 gxf3 54. gxf3 Kb7 55. a5 Ka7 56. Nc4 Kb7 1-0